| 000 | 00545nam a2200217Ia 4500 | ||
|---|---|---|---|
| 003 | OSt | ||
| 005 | 20241023111143.0 | ||
| 008 | 240925s9999 xx 000 0 und d | ||
| 020 | _a8120323874 | ||
| 040 | _csd | ||
| 082 | _a658.403028 TUR | ||
| 100 | _aTurban, Efraim | ||
| 245 | 0 | _aDecision Support System and Intelligent Systems | |
| 250 | _a6th | ||
| 260 |
_aNew Delhi: _bPrentice Hall _c,2003. |
||
| 300 |
_axxviii,932p. _bNA _fOriginal |
||
| 500 | _aIncludes Index | ||
| 600 | _aManagement | ||
| 650 | _aManagement | ||
| 942 |
_cBK _2ddc |
||
| 999 |
_c8043 _d8043 |
||